Consideraciones básicas para la intervención estructural de edificaciones históricas
Spremljeno u:
| Glavni autor: | |
|---|---|
| Format: | Knjiga |
| Jezik: | Spanish |
| Izdano: |
[San José], Costa Rica
2014
|
| Teme: |
EDIFICIOS HISTORICOS - MANTENIMIENTO Y REPARACION - COSTA RICA
> EDIFICIOS HISTORIEDIFICIOS HISTORICOS - EFECTOS SISMICOS - COSTA RICA
> EDIFICIOS HISTORICOS - CONSERVACION Y RESTAURACION - COSTA RICA
> EDIFICIOS HISTORICOS - ESTUDIO DE CASOS
> ANALISIS ESTRUCTURAL (INGENIERIA) - COSTA RICA
> VULNERABILIDAD SISMICA - COSTA RICA
> REFUERZO (CONSTRUCCION) - COSTA RICA
> BAHAREQUE EN LA CONSTRUCCION
> MAMPOSTERIA
> CONSTRUCCIONES DE ADOBE
> PATRIMONIO ARQUITECTONICO - COSTA RICA
> URBANISMO
|
| Oznake: |
Dodaj oznaku
Bez oznaka, Budi prvi tko označuje ovaj zapis!
|
MARC
| LEADER | 00000nam a22000007a 4500 | ||
|---|---|---|---|
| 003 | 011992 | ||
| 005 | 20221231143857.0 | ||
| 008 | 150226b2014 cr ab||| |||| 00| 0 spa d | ||
| 040 | |c cru CEDI | ||
| 090 | |a TFG 7158 | ||
| 100 | |9 273 |a Méndez Morales, Mariela | ||
| 245 | |a Consideraciones básicas para la intervención estructural de edificaciones históricas | ||
| 260 | |a [San José], Costa Rica |c 2014 | ||
| 500 | |a Proyecto de graduación (licenciatura en ingeniería civil)--Universidad de Costa Rica. Facultad de Ingeniería. Escuela de Ingeniería Civil | ||
| 650 | |x EDIFICIOS HISTORICOS - MANTENIMIENTO Y REPARACION - COSTA RICA |x EDIFICIOS HISTORIEDIFICIOS HISTORICOS - EFECTOS SISMICOS - COSTA RICA |x EDIFICIOS HISTORICOS - CONSERVACION Y RESTAURACION - COSTA RICA |x EDIFICIOS HISTORICOS - ESTUDIO DE CASOS |x ANALISIS ESTRUCTURAL (INGENIERIA) - COSTA RICA |x VULNERABILIDAD SISMICA - COSTA RICA |x REFUERZO (CONSTRUCCION) - COSTA RICA |x BAHAREQUE EN LA CONSTRUCCION |x MAMPOSTERIA |x CONSTRUCCIONES DE ADOBE |x PATRIMONIO ARQUITECTONICO - COSTA RICA |x URBANISMO |9 274 | ||
| 942 | |c TFG | ||
| 999 | |c 13621 |d 13621 | ||
